Signal processing and linear systems (Record no. 1319)

000 -LEADER
fixed length control field 00543nam a2200205 a 4500
001 - CONTROL NUMBER
control field 1319
003 - CONTROL NUMBER IDENTIFIER
control field BD-DhUET
008 - FIXED-LENGTH DATA ELEMENTS--GENERAL INFORMATION
fixed length control field 980109s1998 caua b 001 0 eng
020 ## - INTERNATIONAL STANDARD BOOK NUMBER
International Standard Book Number 0941413357
040 ## - CATALOGING SOURCE
Original cataloging agency DLC
Transcribing agency DLC
Modifying agency BD-DhUET
082 00 - DEWEY DECIMAL CLASSIFICATION NUMBER
Classification number 623.22
Item number LAT/1998
100 ## - MAIN ENTRY--PERSONAL NAME
Personal name Lathi B. P.
245 10 - TITLE STATEMENT
Title Signal processing and linear systems
250 ## - EDITION STATEMENT
Edition statement 1st ed
260 ## - PUBLICATION, DISTRIBUTION, ETC. (IMPRINT)
Place of publication, distribution, etc. New York
Name of publisher, distributor, etc. Oxford University Press
Date of publication, distribution, etc. 1998
300 ## - PHYSICAL DESCRIPTION
Extent x, 850 p.
Other physical details ill.
Dimensions 24 cm.
504 ## - BIBLIOGRAPHY, ETC. NOTE
Bibliography, etc Includes bibliographies
650 #0 - SUBJECT ADDED ENTRY--TOPICAL TERM
Topical term or geographic name as entry element Digital signal processing
942 ## - ADDED ENTRY ELEMENTS (KOHA)
Koha item type General Book
Holdings
Koha item type Shelving location Koha issues (times borrowed) Koha date last seen Source of classification or shelving scheme Koha full call number Date acquired Location (home branch) Sublocation or collection (holding branch) Koha normalized classification for sorting Koha renewals Withdrawn status Price effective from Copy number Piece designation (barcode) Lost status Damaged status Koha date last borrowed Not for loan
General BookCirculation section 2019-09-14 623.22/LAT/19982014-09-03Central Library, BUETCentral Library, BUET623_000000000000000_22LAT19982 2014-09-031103856    
General BookCirculation section 2014-09-03 623.22/LAT/19982014-09-03Central Library, BUETCentral Library, BUET623_000000000000000_22LAT1998  2014-09-032103857    
General BookCirculation section12017-08-19 623.22/LAT/19982014-09-03Central Library, BUETCentral Library, BUET623_220000000000000_LAT_1998  2014-09-033103859  2015-06-13 
General BookCirculation section12017-01-08 623.22/LAT/19982014-09-03Central Library, BUETCentral Library, BUET623_000000000000000_22LAT1998  2014-09-034103860  2015-10-20 
General BookCirculation section12017-04-11 623.22/LAT/19982014-09-03Central Library, BUETCentral Library, BUET623_000000000000000_22LAT1998  2014-09-035103863  2015-05-25 
General BookCirculation section12017-06-13 623.22/LAT/19982014-09-03Central Library, BUETCentral Library, BUET623_000000000000000_22LAT1998  2014-09-036103864  2015-05-25 
General BookCirculation section 2017-08-20 623.22/LAT/19982014-09-03Central Library, BUETCentral Library, BUET623_000000000000000_22LAT1998  2014-09-037103865    
General BookCirculation section 2017-10-10 623.22/LAT/19982014-11-18Central Library, BUETCentral Library, BUET623_000000000000000_22LAT1998  2014-11-188103858    
General BookCirculation section12017-05-31 623.22 LAT/19982014-12-02Central Library, BUETCentral Library, BUET623_220000000000000_LAT1998  2014-12-029103861  2017-04-18 
General BookCirculation section 2017-02-06 623.22/LAT/19982015-06-03Central Library, BUETCentral Library, BUET623_220000000000000_LAT_19982 2015-06-0310100035    
General BookCirculation section22025-09-17 623.22/LAT/19982007-05-28Central Library, BUETCentral Library, BUET623_220000000000000_LAT_1998  2017-10-3111103862  2025-09-07